| 000 | 01472nam2a2200337 4500 | ||
|---|---|---|---|
| 001 | RU\NLR\bibl\941520 | ||
| 005 | 20250614194914.0 | ||
| 010 |
_a5-903078-01-X _9250 |
||
| 021 |
_aRU _b2006-10784 _9526 |
||
| 035 | _a(NLR Aleph) 000929694 | ||
| 090 |
_a151980 _c151980 |
||
| 100 | _a20060502d2005 |||y0rusy50 ca | ||
| 101 | 0 |
_arus _aeng |
|
| 102 | _aRU | ||
| 105 | _aa ||||||||| | ||
| 200 | 1 | _aХимия и биологическая активность природных индольных систем, часть 1 | |
| 210 |
_d2005 _aБ. м. |
||
| 215 |
_a341 с. _cил. |
||
| 300 | _aТекст на рус. и англ. яз. | ||
| 320 | _aБиблиогр. в конце гл. | ||
| 320 | _aАвт. указ.: с. 341 | ||
| 461 | 0 |
_1001RU\NLR\bibl\974211 _12001#$aИзбранные методы синтеза и модификации гетероциклов$vТ. 4 _9346204 _cМосква _d2005 _f[Арипова С.Ф., Карцев В.Г., Хужаев В.У. и др.] _nICSPF Press [и др.] _tИзбранные методы синтеза и модификации гетероциклов _vТ. 4 |
|
| 606 | 1 |
_aИндол _xФармакология _91189754 _3RU\NLR\auth\66480010 |
|
| 606 | 1 |
_aАлкалоиды индольные _xХимия _92451433 _3RU\NLR\auth\661457524 |
|
| 686 | _aР281.1 | ||
| 686 | _aГ294.6 | ||
| 801 | 0 |
_aRU _bNLR _c20060502 _grcr |
|
| 801 | 1 |
_aRU _bNLR _c20060502 |
|
| 942 | _cBOOK | ||
| 980 | _aNB | ||